Les places de ville célèbres - Statistiques

Statistiques générales
  • Ce quiz a été pris 105 fois
  • Le résultat moyen est 6 sur 10
Statistiques - réponses
Hint Réponse % Correct
Place Stanislas Nancy
90%
Place Bellecour Lyon
87%
Place du Capitole Toulouse
85%
Place de la Comédie Montpellier
69%
Place du Tertre Paris
61%
Place des Quinconces Bordeaux
58%
Place Masséna Nice
57%
Place Kléber Strasbourg
45%
Place Graslin Nantes
30%
Place du Parlement Rennes
21%
Aucun quiz correspondant
Distribution des résultats
% des personnes avec chaque résultat
Percentile par nombre de réponses
Votre historique - résultats
Vous n’avez pas pris ce quiz